Química de los alimentos

Furkejuvvon:
Bibliográfalaš dieđut
Váldodahkki: Badui Dergal, Salvador (Dahkki)
Materiálatiipa: Girji
Giella:espánnjágiella
Almmustuhtton: Ciudad de México Pearson 2013
Preanttus:5a. ed
Ráidu:Always Learning
Fáttát:
Fáddágilkorat: Lasit fáddágilkoriid
Eai fáddágilkorat, Lasit vuosttaš fáddágilkora!

MARC

LEADER 00000cam a2200000 a 4500
001 UCE9363
003 CL-VaPUC
008 151016e20130000mx |||||||||||||||||spa|d
020 |a 9786073215084 
082 0 4 |a 664  |b BAD  |2 21 
100 0 |a Badui Dergal, Salvador  |e author  |9 582193 
245 1 0 |a Química de los alimentos 
250 |a 5a. ed 
300 |a 723 p 
942 |c BK 
945 |d 20151016 11:50:00  |a arojas 
260 |a Ciudad de México  |b Pearson  |c 2013 
650 0 |a Análisis de alimentos  |9 361130 
650 0 |a Composición de los alimentos  |9 259491 
650 0 |a Reacciones químicas  |9 259438 
650 7 |a PROTEINAS  |2 CL-VaPUC  |9 582194 
650 0 |a Hidratos de carbono  |9 360963 
650 0 |a Lípidos   |9 306890 
650 0 |a Enzimas  |9 262984 
650 0 |a Aditivos   |9 344454 
583 |a last modification  |c 20151016 11:50:00  |k Rodrigo Vera 
490 0 |a Always Learning 
999 |c 361032  |d 361030 
952 |0 0  |1 0  |3 erb  |4 0  |6 664_000000000000000_BAD_2013  |7 0  |8 A  |9 471337  |a BIBING  |b BIBING  |i 5242398  |o 664 BAD 2013  |p 5242398  |r 2025-01-20  |w 2019-11-24  |y BK  |z Catalogado en:20151016  |k EIB 
952 |0 0  |1 0  |3 erb  |4 0  |6 664_000000000000000_BAD_2013  |7 0  |8 A  |9 471338  |a BIBING  |b BIBING  |i 5242401  |o 664 BAD 2013  |p 5242401  |r 2025-01-20  |w 2019-11-24  |y BK  |z Catalogado en:20151016  |k EIB 
952 |0 0  |1 0  |3 erb  |4 0  |6 664_000000000000000_BAD_2013  |7 0  |8 A  |9 471339  |a BIBING  |b BIBING  |i 5242428  |o 664 BAD 2013  |p 5242428  |r 2025-01-20  |w 2019-11-24  |y BK  |z Catalogado en:20151016  |k EIB 
952 |0 0  |1 0  |3 erb  |4 0  |6 664_000000000000000_BAD_2013  |7 0  |8 A  |9 471340  |a BIBING  |b BIBING  |i 524241K  |o 664 BAD 2013  |p 524241K  |r 2025-01-20  |w 2019-11-24  |y BK  |z Catalogado en:20151016  |k EIB